100 athletes : (Record no. 129031)

MARC details
000 -LEADER
fixed length control field 00811nam a22002537a 4500
005 - DATE AND TIME OF LATEST TRANSACTION
control field 20170124110050.0
010 ## - LIBRARY OF CONGRESS CONTROL NUMBER
LC control number A-905313
020 ## - INTERNATIONAL STANDARD BOOK NUMBER
Terms of availability 00.00
International Standard Book Number 8174390138
035 ## - SYSTEM CONTROL NUMBER
System control number A-905313
037 ## - SOURCE OF ACQUISITION
Source of stock number/acquisition Cen Lib/Ret
040 ## - CATALOGING SOURCE
Original cataloging agency DPL
Language of cataloging EN
082 ## - DEWEY DECIMAL CLASSIFICATION NUMBER
Classification number 796.092
Item number JAC
100 ## - MAIN ENTRY--PERSONAL NAME
Personal name Jacobs, Tomothy
9 (RLIN) 25166
245 ## - TITLE STATEMENT
Title 100 athletes :
Statement of responsibility, etc by Jacobs, Tomothy [and] Mark Raymond Aston; illuustrated by Vadim Vahrameev
Remainder of title who shaped sports history /
260 ## - PUBLICATION, DISTRIBUTION, ETC. (IMPRINT)
Place of publication, distribution, etc New Delhi
Name of publisher, distributor, etc Gemini Books
Date of publication, distribution, etc 1997
270 ## - ADDRESS
Address C-4/11, Malviya Nagar
City New Delhi
Postal code 110017
300 ## - PHYSICAL DESCRIPTION
Extent 112p. :
Dimensions 23cm(Hb)
Other physical details ill.
500 ## - GENERAL NOTE
General note Includes index.
650 ## - SUBJECT ADDED ENTRY--TOPICAL TERM
Topical term or geographic name as entry element Sports
9 (RLIN) 25167
650 ## - SUBJECT ADDED ENTRY--TOPICAL TERM
Topical term or geographic name as entry element Athletes
9 (RLIN) 25168
700 ## - ADDED ENTRY--PERSONAL NAME
Personal name Aston, Mark Raymond
9 (RLIN) 25169
700 ## - ADDED ENTRY--PERSONAL NAME
Personal name Vahrameev, Vadim
9 (RLIN) 25170
942 ## - ADDED ENTRY ELEMENTS (KOHA)
Source of classification or shelving scheme Dewey Decimal Classification
Koha item type English Books
Classification part 796.092
Call number suffix JAC
Holdings
Withdrawn status Lost status Damaged status Not for loan Home library Current library Date acquired Source of acquisition Cost, normal purchase price Total Checkouts Full call number Barcode Date last seen Copy number Cost, replacement price Price effective from Koha item type
        Central Library Central Library 04/07/2015 Cen Lib/Ret 0.00   796.092 JAC A-905313 04/07/2015 1 0.00 04/07/2015 English Books

© Delhi Public Library
Hit Counter
free hit counter